<?xml version="1.0" encoding="UTF-8"?>
<record
    xmlns:xsi="http://www.w3.org/2001/XMLSchema-instance"
    xsi:schemaLocation="http://www.loc.gov/MARC21/slim http://www.loc.gov/standards/marcxml/schema/MARC21slim.xsd"
    xmlns="http://www.loc.gov/MARC21/slim">

  <leader>02188nam a22003497a 4500</leader>
  <controlfield tag="001">1543</controlfield>
  <controlfield tag="003">FISKH</controlfield>
  <controlfield tag="005">20230906103031.0</controlfield>
  <controlfield tag="008">230906b        cb ||||| |||| 00| 0 khr d</controlfield>
  <datafield tag="022" ind1=" " ind2=" ">
    <subfield code="2">9789924340478</subfield>
  </datafield>
  <datafield tag="040" ind1=" " ind2=" ">
    <subfield code="a">FISKH </subfield>
    <subfield code="b">eng </subfield>
    <subfield code="c">FISKH </subfield>
    <subfield code="d">FISKH </subfield>
  </datafield>
  <datafield tag="100" ind1=" " ind2=" ">
    <subfield code="a">Mengchheang, Sunheng </subfield>
  </datafield>
  <datafield tag="245" ind1=" " ind2=" ">
    <subfield code="a">&#x178A;&#x17C6;&#x178E;&#x17BE;&#x179A;&#x1791;&#x17C5;&#x179B;&#x17C1;&#x1784;&#x17A2;&#x1784;&#x17D2;&#x1782;&#x179A; / </subfield>
    <subfield code="c">&#x17A2;&#x178F;&#x17D2;&#x1790;&#x1794;&#x1791;&#x178A;&#x17C4;&#x1799; &#x179F;&#x17CA;&#x17BB;&#x1793;&#x17A0;&#x17C1;&#x1784; &#x1798;&#x17C9;&#x17C1;&#x1784;&#x1788;&#x17B6;&#x1784;, &#x17A0;&#x17BD;&#x178F; &#x179F;&#x17B6;&#x179A;&#x17B7;&#x1791;&#x17D2;&#x1792;&#x200B;, &#x1783;&#x17BD;&#x1793; &#x179C;&#x17B7;&#x1785;&#x17D2;&#x1786;&#x17B7;&#x1780;&#x17B6; &#x1793;&#x17B7;&#x1784; &#x179F;&#x17CA;&#x17B7;&#x1793; &#x179F;&#x17BB;&#x179C;&#x178E;&#x17D2;&#x178E;&#x179A;&#x178F;&#x1793;&#x17B6; - &#x1794;&#x17D2;&#x179A;&#x17B9;&#x1780;&#x17D2;&#x179F;&#x17B6;&#x1799;&#x17C4;&#x1794;&#x179B;&#x17CB;&#x178A;&#x17C4;&#x1799; Fran&#xE7;oise R&#xE9;camier</subfield>
  </datafield>
  <datafield tag="250" ind1=" " ind2=" ">
    <subfield code="a">&#x1794;&#x17C4;&#x17C7;&#x1796;&#x17BB;&#x1798;&#x17D2;&#x1796;&#x179B;&#x17BE;&#x1780;&#x1791;&#x17B8; &#x17E4;&#x200B; &#x179C;&#x17B7;&#x1785;&#x17D2;&#x1786;&#x17B7;&#x1780;&#x17B6;&#x200B; &#x17E2;&#x17E0;&#x17E2;&#x17E2; </subfield>
  </datafield>
  <datafield tag="260" ind1=" " ind2=" ">
    <subfield code="a">Phnom Penh : </subfield>
    <subfield code="b">Sipar, </subfield>
    <subfield code="c">2022. </subfield>
  </datafield>
  <datafield tag="300" ind1=" " ind2=" ">
    <subfield code="a">37 pages : </subfield>
    <subfield code="b">map ; color illustrations ; </subfield>
    <subfield code="c">25 cm</subfield>
  </datafield>
  <datafield tag="490" ind1=" " ind2=" ">
    <subfield code="a">&#x179F;&#x17D2;&#x179C;&#x17C2;&#x1784;&#x1799;&#x179B;&#x17CB;&#x1796;&#x17B8;</subfield>
  </datafield>
  <datafield tag="505" ind1=" " ind2=" ">
    <subfield code="a">Z 
</subfield>
  </datafield>
  <datafield tag="520" ind1=" " ind2=" ">
    <subfield code="a">&#x178E;&#x17C2;&#x1793;&#x17B6;&#x17C6;&#x200B;&#x1798;&#x17B7;&#x178F;&#x17D2;&#x178F;&#x200B;&#x17A2;&#x17D2;&#x1793;&#x1780;&#x200B;&#x17A2;&#x17B6;&#x1793;&#x200B;&#x179C;&#x17D0;&#x1799;&#x200B;&#x1780;&#x17D2;&#x1798;&#x17C1;&#x1784;&#x200B;&#x17B1;&#x17D2;&#x1799;&#x200B;&#x1799;&#x179B;&#x17CB;&#x200B;&#x1794;&#x1793;&#x17D2;&#x1790;&#x17C2;&#x1798;&#x200B;&#x1791;&#x17C0;&#x178F;&#x200B;&#x1780;&#x17D2;&#x1793;&#x17BB;&#x1784;&#x200B;&#x178A;&#x17C6;&#x178E;&#x17BE;&#x179A;&#x200B;&#x1791;&#x17C5;&#x200B;&#x17A2;&#x1784;&#x17D2;&#x1782;&#x179A;&#x17D4; &#x179C;&#x17B6;&#x1785;&#x17B6;&#x1794;&#x17CB;&#x1795;&#x17D2;&#x178F;&#x17BE;&#x1798;&#x1796;&#x17B8;&#x17A2;&#x17D2;&#x179C;&#x17B8;&#x17D7;&#x1791;&#x17B6;&#x17C6;&#x1784;&#x17A2;&#x179F;&#x17CB;&#x17A2;&#x17C6;&#x1796;&#x17B8;&#x17A2;&#x1784;&#x17D2;&#x1782;&#x179A; &#x179F;&#x17D2;&#x1790;&#x17B6;&#x1794;&#x178F;&#x17D2;&#x1799;&#x1780;&#x1798;&#x17D2;&#x1798; &#x1785;&#x1798;&#x17D2;&#x179B;&#x17B6;&#x1780;&#x17CB; &#x1785;&#x1798;&#x17D2;&#x179B;&#x17B6;&#x1780;&#x17CB; &#x1785;&#x1798;&#x17D2;&#x179B;&#x17B6;&#x1780;&#x17CB; &#x1791;&#x17C1;&#x179C;&#x1780;&#x1790;&#x17B6; &#x1793;&#x17B7;&#x1784;&#x1794;&#x179A;&#x17B7;&#x179F;&#x17D2;&#x1790;&#x17B6;&#x1793;&#x1787;&#x17BB;&#x17C6;&#x179C;&#x17B7;&#x1789;&#x17A2;&#x1784;&#x17D2;&#x1782;&#x179A;&#x17D4;</subfield>
  </datafield>
  <datafield tag="520" ind1=" " ind2=" ">
    <subfield code="a">Guides young readers for more understanding on their journey to Angkor. It starts from everything about Angkor, architecture, sculpture, reliefs, mythology and environment around Angkor.</subfield>
  </datafield>
  <datafield tag="521" ind1="8" ind2=" ">
    <subfield code="a">890 
</subfield>
    <subfield code="b">Lexile estimate </subfield>
  </datafield>
  <datafield tag="521" ind1="8" ind2=" ">
    <subfield code="a">Z 
</subfield>
    <subfield code="b">Raz-Plus </subfield>
  </datafield>
  <datafield tag="650" ind1=" " ind2=" ">
    <subfield code="2">&#x17A2;&#x1784;&#x17D2;&#x1782;&#x179A;  </subfield>
    <subfield code="a">&#x179F;&#x17D2;&#x1790;&#x17B6;&#x1794;&#x178F;&#x17D2;&#x1799;&#x1780;&#x1798;&#x17D2;&#x1798;</subfield>
    <subfield code="v">&#x1785;&#x1798;&#x17D2;&#x179B;&#x17B6;&#x1780;&#x17CB; </subfield>
    <subfield code="x">&#x1787;&#x17C6;&#x1793;&#x17BF; </subfield>
    <subfield code="y">&#x1791;&#x17C1;&#x179C;&#x1780;&#x1790;&#x17B6;</subfield>
  </datafield>
  <datafield tag="650" ind1=" " ind2=" ">
    <subfield code="2">Angkor </subfield>
    <subfield code="a">Architecture</subfield>
    <subfield code="v">Sculpture</subfield>
    <subfield code="x">Reliefs</subfield>
    <subfield code="y">Mythology</subfield>
  </datafield>
  <datafield tag="700" ind1=" " ind2=" ">
    <subfield code="a">Sarith, Huot </subfield>
    <subfield code="e">Author</subfield>
  </datafield>
  <datafield tag="700" ind1=" " ind2=" ">
    <subfield code="a">Vichheka, Khuon </subfield>
    <subfield code="e">Author</subfield>
  </datafield>
  <datafield tag="700" ind1=" " ind2=" ">
    <subfield code="a">Sovanrathna, Sin   </subfield>
    <subfield code="e">Author</subfield>
  </datafield>
  <datafield tag="700" ind1=" " ind2=" ">
    <subfield code="a">Sovanrith, Khun </subfield>
    <subfield code="e">illustrator </subfield>
  </datafield>
  <datafield tag="700" ind1=" " ind2=" ">
    <subfield code="a">Ratha, Ouk </subfield>
    <subfield code="e">illustrator </subfield>
  </datafield>
  <datafield tag="700" ind1=" " ind2=" ">
    <subfield code="a">Visoth, Seng </subfield>
    <subfield code="e">illustrator </subfield>
  </datafield>
  <datafield tag="942" ind1=" " ind2=" ">
    <subfield code="2">ddc</subfield>
    <subfield code="c">BK</subfield>
    <subfield code="n">0</subfield>
  </datafield>
  <datafield tag="999" ind1=" " ind2=" ">
    <subfield code="c">1543</subfield>
    <subfield code="d">1543</subfield>
  </datafield>
  <datafield tag="952" ind1=" " ind2=" ">
    <subfield code="0">0</subfield>
    <subfield code="1">0</subfield>
    <subfield code="2">ddc</subfield>
    <subfield code="4">0</subfield>
    <subfield code="7">0</subfield>
    <subfield code="8">KHMERNF</subfield>
    <subfield code="a">001</subfield>
    <subfield code="b">001</subfield>
    <subfield code="c">KHRS</subfield>
    <subfield code="d">2023-09-06</subfield>
    <subfield code="l">0</subfield>
    <subfield code="o">MEN 611</subfield>
    <subfield code="p">2023-0492</subfield>
    <subfield code="r">2023-09-06 10:03:34</subfield>
    <subfield code="t">1</subfield>
    <subfield code="w">2023-09-06</subfield>
    <subfield code="y">BK</subfield>
  </datafield>
  <datafield tag="952" ind1=" " ind2=" ">
    <subfield code="0">0</subfield>
    <subfield code="1">0</subfield>
    <subfield code="2">ddc</subfield>
    <subfield code="4">0</subfield>
    <subfield code="7">0</subfield>
    <subfield code="8">KHMERNF</subfield>
    <subfield code="a">001</subfield>
    <subfield code="b">001</subfield>
    <subfield code="c">KHRS</subfield>
    <subfield code="d">2023-09-06</subfield>
    <subfield code="l">1</subfield>
    <subfield code="o">MEN 611</subfield>
    <subfield code="p">2023-0493</subfield>
    <subfield code="r">2025-06-09 14:20:31</subfield>
    <subfield code="s">2024-12-03</subfield>
    <subfield code="t">2</subfield>
    <subfield code="w">2023-09-06</subfield>
    <subfield code="y">BK</subfield>
  </datafield>
</record>
